00866nam a2200253 a 4500001001300000003000900013005001700022008004100039020001800080040002800098041000800126082002200134100002300156245009400179250001200273260003400285300003000319534004200349586004600391600007800437650003900515700004000554710001800594C01346667c-1CO-ViMGA20230915233130.0120921s2012 sp a gr 000 0dspa d a9788496815063 aCO-ViMGAbspacCO-ViMGA1 heng04a741.5 bP33p 2211 aPeeters, Frederik.10aPildoras azules / cFrederik Peeters ; traducción Gaizka y Javier Zalvidegoitia Bohoyo. a7a. ed. aBilbao : bAstiberri, c2012. a190 p. : bil. ; c25 cm. pTítulo original : tPilules bleues. aPremio Jules de la Villa de Ginebra, 200114aPeeters, Frederikv Autobiografíasx Tiras cómicas, historietas, etc.14aTiras cómicas, historietas, etc.1 aZalbidegoitia Bohoyo, Javier, etr.2 aGaizka, etr.